000 00328nam a2200145Ia 4500
008 230917s9999||||xx |||||||||||||| ||und||
040 _e144040
_aMAIN
041 _aEnglish
082 _a361 M691S
100 _aMishra, Daya Krishan
245 0 _aSamajik prashasan
260 _aNew Delhi
300 _a339 p.
942 _cBK
999 _c228098
_d228098